Energia syntezy termojądrowej - Quiz - Statystyki

Ogólne statystyki
  • Ten quiz został rozwiązany 19 razy
  • Średni wynik to 3 z 6
Statystyki odpowiedzi
Pytanie Odpowiedź % Poprawnych
Bomba termojądrowa to inaczej bomba ... wodorowa
92%
Jaki pierwiastek można stworzyć z dwóch wodorów? hel
85%
Synteza termojądrowa to inaczej ... termojądrowa fuzja
69%
W reakcji termojądrowej działają siły przyciągania ... jądrowego
31%
Jaki pierwiastek można stworzyć z dwóch helów? węgiel
23%
Jaki pierwiastek jest pierwiastkiem granicznym? żelazo
23%
Nie znaleziono quizów pasujących do podanych kryteriów
Rozkład punktacji
Procent ludzi z każdym wynikiem
Percentyl według liczby udzielonych odpowiedzi
Twoja historia wyników
Nie rozwiązałeś tego quizu